00499nam a22001817a 4500003000500000005001700005008004100022010001000063011001000073035001000083040000900093082001500102100002800117245008400145260004200229300002000271650002600291CHAP20220817042739.0971013s1973 r 00010 d a54328 a55300 a59452 cCHAP a635.9bW5400aWilson, Helen Van Pelt. aHouse plants are for pleasureb: how to grow healthy plants for home decoration aGarden City, N.Y. :bDobuleday,c1973 a179 p.b: ilus.14aPlantas ornamentales.